Az "actio fiduciae" és alkalmazási köre a praeklasszikus jogban

Elmentve itt :
Bibliográfiai részletek
Szerző: Bíró János
Dokumentumtípus: Cikk
Megjelent: Szegedi Tudományegyetem Állam- és Jogtudományi Kara Szeged 1967
Sorozat:Acta Universitatis Szegediensis : acta juridica et politica 14 No. 2
Kulcsszavak:Római jog
Tárgyszavak:
Online Access:http://acta.bibl.u-szeged.hu/6345
LEADER 00790nab a2200205 i 4500
001 acta6345
005 20220921143825.0
008 161015s1967 hu o 0|| hun d
022 |a 0324-6523 
040 |a SZTE Egyetemi Kiadványok Repozitórium  |b hun 
041 |a hun 
100 1 |a Bíró János 
245 1 3 |a Az "actio fiduciae" és alkalmazási köre a praeklasszikus jogban  |h [elektronikus dokumentum] /  |c  Bíró János 
260 |a Szegedi Tudományegyetem Állam- és Jogtudományi Kara  |b Szeged  |c 1967 
300 |a 1-31 
490 0 |a Acta Universitatis Szegediensis : acta juridica et politica  |v 14 No. 2 
650 4 |a Társadalomtudományok 
650 4 |a Jogtudomány 
695 |a Római jog 
856 4 0 |u http://acta.bibl.u-szeged.hu/6345/1/juridpol_014_fasc_002_001-031.pdf  |z Dokumentum-elérés